[Event "4NCL/Div2c/KHE vs. JUTK"]
[Site "Staverton Park ENG"]
[Date "2009.05.02"]
[Round "9.1"]
[White "Slavin, Alexei"]
[Black "Williams, Simon K"]
[Result "1/2-1/2"]
[WhiteElo "2308"]
[BlackElo "2512"]
[PlyCount "136"]
[EventDate "2009.05.02"]
[SourceDate "2008.10.04"]

1. d4 e6 2. c4 f5 3. g3 Nf6 4. Bg2 Be7 5. Nf3 O-O 6. O-O d6 7. Nc3 Nc6 8. b3 e5
9. dxe5 dxe5 10. Qxd8 Bxd8 11. Ba3 Re8 12. Rad1 e4 13. Ne1 Ne5 14. Nc2 c6 15.
h3 Nf7 16. Bb4 Bc7 17. Bc5 h5 18. Be3 h4 19. Bf4 Bxf4 20. gxf4 g5 21. fxg5 Nxg5
22. f4 exf3 23. Bxf3 Nxh3+ 24. Kh2 Ng5 25. Kg2 Kf7 26. Rh1 h3+ 27. Kg3 Nge4+
28. Bxe4 fxe4 29. Ne3 Rg8+ 30. Kh2 Be6 31. Rhf1 Ke7 32. Rf4 Rg5 33. Nxe4 Re5
34. Rxf6 Rxe4 35. Rf3 Rg8 36. Rd2 Rg5 37. Rd3 a5 38. Rg3 Rge5 39. Rf3 Rg5 40.
Rf2 Rge5 41. Rf3 c5 42. Nd5+ Bxd5 43. cxd5 Rd4 44. Rde3 Rxe3 45. Rxe3+ Kd6 46.
Kxh3 Kxd5 47. Kg3 b5 48. Re8 c4 49. Rd8+ Kc5 50. Rxd4 Kxd4 51. bxc4 bxc4 52.
Kf2 Kc3 53. e4 Kd4 54. Ke2 Kxe4 55. Kd2 Kd4 56. Kc2 Kc5 57. Kc3 Kb5 58. Kb2 Kb4
59. Kc2 a4 60. Kb2 c3+ 61. Kb1 Kc5 62. Kc2 Kc4 63. Kb1 Kd3 64. Kc1 Ke3 65. Kc2
Kd4 66. Kb1 Kd3 67. Kc1 c2 68. a3 Kc3 1/2-1/2

[Event "4NCL/Div2c/KHE vs. JUTK"]
[Site "Staverton Park ENG"]
[Date "2009.05.02"]
[Round "9.2"]
[White "Cooley, Chris"]
[Black "Kwiatkowski, Feliks J"]
[Result "1/2-1/2"]
[WhiteElo "2265"]
[BlackElo "2227"]
[PlyCount "50"]
[EventDate "2009.05.02"]
[SourceDate "2008.10.04"]

1. e4 c5 2. c3 Nf6 3. e5 Nd5 4. d4 cxd4 5. Nf3 Nc6 6. cxd4 d6 7. Bc4 Nb6 8. Bb5
dxe5 9. Nxe5 Bd7 10. Bxc6 Bxc6 11. Nxc6 bxc6 12. O-O g6 13. Re1 Bg7 14. Bg5 O-O
15. Nc3 Qxd4 16. Qf3 Nd5 17. Rad1 Qb6 18. Nxd5 cxd5 19. Bxe7 Rfe8 20. b4 a5 21.
Bc5 Qc6 22. a3 axb4 23. axb4 Rxe1+ 24. Rxe1 Bf8 25. Bxf8 Rxf8 1/2-1/2

[Event "4NCL/Div2c/KHE vs. JUTK"]
[Site "Staverton Park ENG"]
[Date "2009.05.02"]
[Round "9.3"]
[White "McMichael, Richard"]
[Black "Mack, Andy"]
[Result "1/2-1/2"]
[WhiteElo "2284"]
[BlackElo "2236"]
[PlyCount "27"]
[EventDate "2009.05.02"]
[SourceDate "2008.10.04"]

1. d4 Nf6 2. Nf3 g6 3. b3 Bg7 4. Bb2 O-O 5. e3 d6 6. Be2 e5 7. c4 Nc6 8. Nc3
exd4 9. Nxd4 Nxd4 10. Qxd4 Bf5 11. Qd2 Ne4 12. Nxe4 Bxb2 13. Qxb2 Bxe4 14. f3
1/2-1/2

[Event "4NCL/Div2c/KHE vs. JUTK"]
[Site "Staverton Park ENG"]
[Date "2009.05.02"]
[Round "9.4"]
[White "Harakis, Alexis"]
[Black "Okike, David C"]
[Result "1-0"]
[WhiteElo "2248"]
[BlackElo "2202"]
[PlyCount "129"]
[EventDate "2009.05.02"]
[SourceDate "2008.10.04"]

1. d4 Nf6 2. c4 e6 3. Nc3 Bb4 4. e3 Bxc3+ 5. bxc3 c5 6. Bd3 d6 7. f4 Nc6 8. Nf3
Qc7 9. O-O b6 10. e4 e5 11. fxe5 dxe5 12. Nxe5 Nxe5 13. dxe5 Qxe5 14. Bf4 Qxc3
15. e5 Qd4+ 16. Kh1 Bg4 17. Qc2 Nh5 18. Be4 Nxf4 19. Bxa8 O-O 20. Qe4 Nd3 21.
Qxd4 cxd4 22. Bd5 g5 23. a4 Nxe5 24. Rae1 Nd3 25. Re4 Bh5 26. Rxd4 Nc5 27. h4
gxh4 28. Rxh4 Bg6 29. a5 bxa5 30. Ra1 a4 31. Bc6 Rc8 32. Bxa4 Nxa4 33. Rxa4 Rc7
34. Rd4 Bf5 35. Ra5 Be6 36. c5 Kg7 37. Rd6 Kf6 38. Rda6 Ke5 39. Rxa7 Rc6 40.
Ra8 Kd4 41. Rh8 Rxc5 42. Rxc5 Kxc5 43. Rxh7 Kd6 44. Kh2 Ke5 45. Rh5+ Kf4 46.
g3+ Kg4 47. Rh4+ Kg5 48. Kg2 Bg4 49. Kf2 f5 50. Rh8 Bd1 51. Rg8+ Kf6 52. Ke3
Kf7 53. Rb8 Bc2 54. Rb2 Bd1 55. Kf4 Bg4 56. Rb7+ Kg6 57. Rb6+ Kg7 58. Kg5 Bh3
59. Rb7+ Kf8 60. Kf6 Kg8 61. Rg7+ Kh8 62. Kg6 Bf1 63. Rd7 Bc4 64. Rh7+ Kg8 65.
Rc7 1-0

[Event "4NCL/Div2c/KHE vs. JUTK"]
[Site "Staverton Park ENG"]
[Date "2009.05.02"]
[Round "9.5"]
[White "Thomas, Richard H"]
[Black "Rich, Mark"]
[Result "1-0"]
[WhiteElo "2202"]
[BlackElo "2132"]
[PlyCount "61"]
[EventDate "2009.05.02"]
[SourceDate "2008.10.04"]

1. Nf3 c5 2. g3 Nc6 3. c4 e5 4. Nc3 g6 5. Bg2 Bg7 6. O-O f5 7. d3 Nf6 8. Rb1 d6
9. a3 O-O 10. b4 cxb4 11. axb4 h6 12. b5 Ne7 13. Ba3 Qc7 14. Qb3 Be6 15. Rfc1
Qd7 16. Qb4 Ne8 17. Nd2 Rd8 18. c5 Rf7 19. cxd6 Nc8 20. Nb3 Qxd6 21. Nc5 Bf8
22. Nxe6 Qxe6 23. Qb2 Nb6 24. Bxf8 Kxf8 25. Ra1 Ra8 26. Ra3 Rc7 27. Na2 Rxc1+
28. Qxc1 Nd6 29. Qxh6+ Ke7 30. Nc3 a6 31. Qg7+ 1-0

[Event "4NCL/Div2c/KHE vs. JUTK"]
[Site "Staverton Park ENG"]
[Date "2009.05.02"]
[Round "9.6"]
[White "Naylor, John"]
[Black "Stevenson, James A B"]
[Result "1-0"]
[WhiteElo "2186"]
[BlackElo "2092"]
[PlyCount "57"]
[EventDate "2009.05.02"]
[SourceDate "2008.10.04"]

1. e4 d5 2. exd5 Qxd5 3. Nc3 Qa5 4. d4 Nf6 5. Bc4 Bf5 6. Nf3 e6 7. Bd2 c6 8.
Ne5 Bb4 9. g4 Be4 10. Nxe4 Nxe4 11. c3 Be7 12. Qf3 Nd6 13. Bb3 O-O 14. O-O-O
Qc7 15. Bc2 Nd7 16. g5 Rad8 17. h4 c5 18. Bf4 Qa5 19. Kb1 cxd4 20. Nxd7 Rxd7
21. Rxd4 b5 22. Qd3 g6 23. Bxd6 Bxd6 24. Rxd6 Rc7 25. Rd8 Rc4 26. Rxf8+ Kxf8
27. Qd6+ Kg7 28. Qe5+ Kf8 29. h5 1-0

[Event "4NCL/Div2c/KHE vs. JUTK"]
[Site "Staverton Park ENG"]
[Date "2009.05.02"]
[Round "9.7"]
[White "Forbes, Cathy"]
[Black "Rice, Chris"]
[Result "1-0"]
[WhiteElo "2119"]
[BlackElo "2116"]
[PlyCount "151"]
[EventDate "2009.05.02"]
[SourceDate "2008.10.04"]

1. d4 d5 2. c3 Nf6 3. Bf4 g6 4. e3 Bg7 5. Nf3 O-O 6. Be2 b6 7. Nbd2 Bb7 8. h4
Nbd7 9. Ne5 Ne4 10. Nxe4 dxe4 11. h5 Nxe5 12. Bxe5 Bxe5 13. dxe5 Qd5 14. Qxd5
Bxd5 15. O-O Kg7 16. Rfd1 Rfd8 17. Rd2 Be6 18. Rad1 Rxd2 19. Rxd2 c5 20. a3 Rc8
21. Kh2 Kh6 22. hxg6 hxg6 23. g4 Kg5 24. Bd1 Rc7 25. Kg3 Rd7 26. Rxd7 Bxd7 27.
Bb3 Bxg4 28. Bxf7 Bc8 29. Bb3 Kf5 30. Bc2 Kxe5 31. Kh4 Bf5 32. Kg5 a5 33. Ba4
Kd5 34. Bb3+ Ke5 35. Bf7 Bd7 36. Bxg6 Be6 37. Be8 Bd5 38. Bb5 Bb7 39. Bf1 Bc6
40. Kg6 Bd5 41. Kg7 Kd6 42. c4 Be6 43. Be2 Kd7 44. a4 Kd6 45. b3 Bh3 46. Kg6
Ke6 47. Kg5 Ke5 48. Kh4 Be6 49. Kg3 Bd7 50. Bg4 Bc6 51. Bc8 Be8 52. Kg4 Bf7 53.
Bd7 Kd6 54. Bf5 Ke5 55. Kg5 Be8 56. Bc8 Bf7 57. Bg4 Be8 58. Bd1 Bc6 59. Kg6
Be8+ 60. Kg7 Kd6 61. Bc2 Bc6 62. Kf7 Kd7 63. Bd1 Kd6 64. Bg4 Bb7 65. Ke8 Bc6+
66. Kd8 Bb7 67. Bd7 e6 68. Be8 Ba6 69. Bb5 Bb7 70. Be8 Ba6 71. Bg6 Bb7 72. Bh7
Bc6 73. Bg6 Bb7 74. Bf7 Bc6 75. Kc8 Ke7 76. Kc7 1-0

[Event "4NCL/Div2c/KHE vs. JUTK"]
[Site "Staverton Park ENG"]
[Date "2009.05.02"]
[Round "9.8"]
[White "Wilson, Alexandra"]
[Black "Mackenzie, Colin"]
[Result "0-1"]
[WhiteElo "2040"]
[BlackElo "2120"]
[PlyCount "78"]
[EventDate "2009.05.02"]
[SourceDate "2008.10.04"]

1. e4 e6 2. d4 d5 3. Nc3 Bb4 4. e5 c5 5. a3 Bxc3+ 6. bxc3 Qc7 7. Qg4 f6 8. Bb5+
Kf8 9. Nf3 Qa5 10. Rb1 Qxc3+ 11. Bd2 Qxc2 12. O-O a6 13. exf6 gxf6 14. Be8 h5
15. Bxh5 Qf5 16. Qg3 Qxh5 17. Qd6+ Ne7 18. Rfe1 Nbc6 19. dxc5 Ne5 20. Rxe5 fxe5
21. Bg5 Rh7 22. h4 Qe8 23. Nxe5 Kg8 24. Ng4 Rf7 25. Nh6+ Kf8 26. Nxf7 Kxf7 27.
Rb3 Nf5 28. Qe5 Kg8 29. g4 Qa4 30. Rf3 Qxg4+ 31. Rg3 Nxg3 32. fxg3 Qf5 33. Qc7
Qf7 34. Qe5 Bd7 35. Bf6 Rf8 36. Qg5+ Kh7 37. Bd4 Qf1+ 38. Kh2 Qe2+ 39. Kh3 e5+
0-1

[Event "4NCL/Div2c/WWKS1 vs. PANDG"]
[Site "Staverton Park ENG"]
[Date "2009.05.02"]
[Round "9.1"]
[White "Mason, Don"]
[Black "Paehtz, Elizabeth"]
[Result "0-1"]
[WhiteElo "2261"]
[BlackElo "2459"]
[PlyCount "110"]
[EventDate "2009.05.02"]
[SourceDate "2008.10.04"]

1. d4 e6 2. e4 d5 3. Nd2 Be7 4. Ngf3 Nf6 5. Bd3 c5 6. c3 b6 7. e5 Nfd7 8. O-O
Ba6 9. Bxa6 Nxa6 10. Ne1 O-O 11. f4 Nc7 12. Qh5 f6 13. Ndf3 Qe8 14. Qxe8 Rfxe8
15. g4 b5 16. Be3 a5 17. exf6 Nxf6 18. Ne5 c4 19. a4 b4 20. N1f3 Ne4 21. Rfc1
Rec8 22. Nd2 Nxd2 23. Bxd2 Ne8 24. cxb4 axb4 25. a5 Nf6 26. Ra4 Ne4 27. Bxb4
Bxb4 28. Rxb4 Rxa5 29. Kg2 Raa8 30. Kf3 Rab8 31. Rxb8 Rxb8 32. Nxc4 Rc8 33. b3
Nf6 34. Rc2 dxc4 35. bxc4 Kf7 36. g5 Nd5 37. Ke4 Ne7 38. c5 Nc6 39. Rb2 Rd8 40.
Rd2 Rd5 41. Rd1 Kg6 42. Rd3 h6 43. gxh6 Kxh6 44. Rh3+ Kg6 45. Rg3+ Kf6 46. Rd3
Ne7 47. Rc3 Rh5 48. h3 Nd5 49. Rf3 Rh4 50. c6 g6 51. Kd3 Nb4+ 52. Ke4 Nd5 53.
Kd3 Ke7 54. Kc4 Kd6 55. Kb5 Rh5 0-1

[Event "4NCL/Div2c/WWKS1 vs. PANDG"]
[Site "Staverton Park ENG"]
[Date "2009.05.02"]
[Round "9.2"]
[White "Civin, Tomas"]
[Black "Hynes, Anthony"]
[Result "1-0"]
[WhiteElo "2427"]
[BlackElo "2242"]
[PlyCount "101"]
[EventDate "2009.05.02"]
[SourceDate "2008.10.04"]

1. d4 Nf6 2. c4 g6 3. Nc3 Bg7 4. e4 d6 5. Nf3 O-O 6. Be2 e5 7. O-O Nc6 8. d5
Ne7 9. Nd2 a5 10. a3 Nd7 11. Rb1 f5 12. b4 axb4 13. axb4 Kh8 14. Qc2 Ng8 15. f3
f4 16. Bb2 g5 17. Ra1 Rxa1 18. Rxa1 h5 19. Nb5 Ndf6 20. c5 g4 21. Ra8 gxf3 22.
Nxf3 Ng4 23. cxd6 cxd6 24. Qc7 Qxc7 25. Nxc7 N8f6 26. Ng5 Kg8 27. Bd3 Bh6 28.
Nge6 Bxe6 29. Rxf8+ Kxf8 30. Nxe6+ Ke7 31. Bc3 Ne3 32. Be1 Nexd5 33. exd5 Nxd5
34. Bf5 Kf6 35. Bh3 e4 36. b5 b6 37. Nd4 e3 38. Nc6 Bg5 39. Kf1 Nc7 40. Bc3+
Kf7 41. Na7 Nd5 42. Be1 Nc7 43. Bd7 Ke7 44. Bc6 Kd8 45. Bb4 Be7 46. Bf3 h4 47.
Nc6+ Ke8 48. Nxe7 Kxe7 49. Bc6 Ke6 50. Bc3 Nd5 51. Bd4 1-0

[Event "4NCL/Div2c/WWKS1 vs. PANDG"]
[Site "Staverton Park ENG"]
[Date "2009.05.02"]
[Round "9.3"]
[White "Thomas, Nicholas"]
[Black "Polaczek, Richard"]
[Result "1/2-1/2"]
[WhiteElo "2315"]
[BlackElo "2405"]
[PlyCount "39"]
[EventDate "2009.05.02"]
[SourceDate "2008.10.04"]

1. e4 Nf6 2. e5 Nd5 3. d4 d6 4. c4 Nb6 5. exd6 cxd6 6. Nc3 g6 7. Be3 Bg7 8. Rc1
O-O 9. b3 Nc6 10. d5 Ne5 11. Be2 Re8 12. Nf3 e6 13. dxe6 Bxe6 14. O-O d5 15.
Nxe5 Bxe5 16. cxd5 Nxd5 17. Nxd5 Bxd5 18. Bf3 Bxf3 19. Qxf3 b6 20. g3 1/2-1/2

[Event "4NCL/Div2c/WWKS1 vs. PANDG"]
[Site "Staverton Park ENG"]
[Date "2009.05.02"]
[Round "9.4"]
[White "Ashton, Adam G"]
[Black "James, Russell A"]
[Result "1-0"]
[WhiteElo "2307"]
[BlackElo "2233"]
[PlyCount "89"]
[EventDate "2009.05.02"]
[SourceDate "2008.10.04"]

1. e4 e5 2. Nf3 Nc6 3. Bb5 Nf6 4. O-O Bc5 5. Nxe5 Nxe4 6. Qe2 Nxe5 7. Qxe4 Qe7
8. Nc3 Ng6 9. Qxe7+ Bxe7 10. Nd5 Kd8 11. Nxe7 Nxe7 12. Re1 c6 13. Bf1 d5 14. b3
Bf5 15. Ba3 Be6 16. Bb2 Rg8 17. f3 Kd7 18. Kf2 Rae8 19. a4 f6 20. Bd3 Rh8 21.
b4 Bf7 22. Bd4 Bg6 23. Bxg6 hxg6 24. Bxa7 Rxh2 25. Bc5 g5 26. a5 Ng6 27. Rxe8
Kxe8 28. Kg1 Rh8 29. a6 Kd7 30. axb7 Rb8 31. Ra8 Rxb7 32. Rg8 Ke6 33. Kf2 f5
34. c3 Nf4 35. Bd4 Nh5 36. Rc8 Kd7 37. Rh8 Nf4 38. Bxg7 g4 39. Bh6 Nd3+ 40. Ke3
Ne1 41. Rh7+ Kc8 42. Rxb7 Kxb7 43. fxg4 d4+ 44. Ke2 Nxg2 45. gxf5 1-0

[Event "4NCL/Div2c/WWKS1 vs. PANDG"]
[Site "Staverton Park ENG"]
[Date "2009.05.02"]
[Round "9.5"]
[White "Pitcher, John"]
[Black "Cumbers, Paul"]
[Result "1/2-1/2"]
[WhiteElo "2198"]
[BlackElo "2195"]
[PlyCount "72"]
[EventDate "2009.05.02"]
[SourceDate "2008.10.04"]

1. e4 e6 2. d4 d5 3. e5 c5 4. c3 Nc6 5. Nf3 Qb6 6. Be2 Nh6 7. Bxh6 gxh6 8. Qd2
Bg7 9. O-O O-O 10. Na3 cxd4 11. cxd4 Bd7 12. Nc2 f6 13. exf6 Rxf6 14. b4 Be8
15. b5 Nd8 16. Ne5 Nf7 17. Nxf7 Rxf7 18. a4 Rc8 19. Bd3 Rfc7 20. a5 Qd6 21.
Rab1 Bg6 22. Bxg6 hxg6 23. Ne3 Rf7 24. Qd3 Kh7 25. b6 a6 26. g3 Rf3 27. Rbc1
Rcf8 28. Rc7 Qb4 29. Rxb7 Qxa5 30. Ra7 Qxb6 31. Rxa6 Qb2 32. Rxe6 Rxf2 33.
Qxg6+ Kh8 34. Rxf2 Qxf2+ 35. Kh1 Qf3+ 36. Kg1 Qf2+ 1/2-1/2

[Event "4NCL/Div2c/WWKS1 vs. PANDG"]
[Site "Staverton Park ENG"]
[Date "2009.05.02"]
[Round "9.6"]
[White "Burnett, Andrew"]
[Black "Baruch, Andrew J D"]
[Result "1/2-1/2"]
[WhiteElo "2202"]
[BlackElo "2082"]
[PlyCount "44"]
[EventDate "2009.05.02"]
[SourceDate "2008.10.04"]

1. d4 g6 2. e4 Bg7 3. Nc3 d6 4. Be3 a6 5. Qd2 b5 6. Bd3 Nd7 7. a4 b4 8. Nce2
Rb8 9. Nf3 c5 10. c3 Qa5 11. O-O Ngf6 12. Bh6 O-O 13. Bxg7 Kxg7 14. Ng3 bxc3
15. bxc3 cxd4 16. cxd4 Qxd2 17. Nxd2 Rb4 18. Nf3 e5 19. Rfb1 Rxb1+ 20. Rxb1
exd4 21. Nxd4 Nc5 22. Bc2 Re8 1/2-1/2

[Event "4NCL/Div2c/WWKS1 vs. PANDG"]
[Site "Staverton Park ENG"]
[Date "2009.05.02"]
[Round "9.7"]
[White "Fishburne, Stewart K"]
[Black "Burrows, Martin P"]
[Result "1/2-1/2"]
[WhiteElo "2114"]
[BlackElo "2216"]
[PlyCount "58"]
[EventDate "2009.05.02"]
[SourceDate "2008.10.04"]

1. e4 c5 2. Nc3 Nc6 3. g3 g6 4. Bg2 Bg7 5. d3 d6 6. Be3 Rb8 7. Qd2 b5 8. Nge2
Nd4 9. O-O b4 10. Nd1 e6 11. Nc1 Ne7 12. c3 bxc3 13. bxc3 Ndc6 14. Bh6 O-O 15.
Bxg7 Kxg7 16. f4 Bd7 17. Ne3 f5 18. Nb3 Na5 19. e5 Nxb3 20. axb3 d5 21. Rxa7
Rxb3 22. Qa2 Rb8 23. Rb1 Rxb1+ 24. Qxb1 Nc6 25. Rb7 Rf7 26. c4 d4 27. Nc2 Na5
28. Ra7 Nc6 29. Rb7 Na5 1/2-1/2

[Event "4NCL/Div2c/WWKS1 vs. PANDG"]
[Site "Staverton Park ENG"]
[Date "2009.05.02"]
[Round "9.8"]
[White "Walton, Alan J"]
[Black "Clarke, Brandon"]
[Result "1/2-1/2"]
[WhiteElo "2161"]
[BlackElo "2001"]
[PlyCount "124"]
[EventDate "2009.05.02"]
[SourceDate "2008.10.04"]

1. d4 Nf6 2. Bg5 Ne4 3. Bf4 d5 4. e3 c5 5. Bd3 Qb6 6. Bxe4 dxe4 7. Nc3 Qxb2 8.
Nge2 cxd4 9. exd4 Qb6 10. O-O e6 11. d5 Be7 12. Rb1 Qa5 13. dxe6 Bxe6 14. Rxb7
Nc6 15. Nxe4 O-O 16. Nd4 Qd5 17. Nxe6 fxe6 18. Qxd5 exd5 19. Bd6 dxe4 20. Rxe7
Nxe7 21. Bxe7 Rfc8 22. Rc1 Rc4 23. g3 Rac8 24. Bg5 Rxc2 25. Ra1 R8c3 26. a4 Kf7
27. a5 a6 28. Be3 Ke6 29. Rb1 Kd5 30. Rb7 Rc7 31. Rb6 R2c6 32. Rb4 h5 33. Rd4+
Ke5 34. Rd8 Rb7 35. Bd4+ Ke6 36. Rg8 Rd6 37. Bc5 Rd5 38. Bb6 Kf7 39. Ra8 e3 40.
fxe3 Rd2 41. Rxa6 Ra2 42. Ra8 Rd7 43. Rd8 Rxd8 44. Bxd8 Ke6 45. a6 Rxa6 46. Kg2
Ra2+ 47. Kh3 Kf5 48. Bb6 Ke4 49. Bd4 g5 50. g4 Kf3 51. gxh5 g4+ 52. Kh4 Rxh2+
53. Kg5 Rd2 54. h6 g3 55. h7 g2 56. h8=Q g1=Q+ 57. Kf6 Ke2 58. Qh5+ Kf1 59.
Qb5+ Re2 60. Qb1+ Re1 61. Qd3+ Kg2 62. Qg6+ Kh1 1/2-1/2

[Event "4NCL/Div2c/OXF1 vs. GUI3"]
[Site "Staverton Park ENG"]
[Date "2009.05.03"]
[Round "10.1"]
[White "Savage, Ben D"]
[Black "Povah, Nigel E"]
[Result "0-1"]
[WhiteElo "2330"]
[BlackElo "2320"]
[PlyCount "80"]
[EventDate "2009.05.03"]
[SourceDate "2008.10.04"]

1. d4 Nf6 2. c4 e6 3. Nc3 c5 4. d5 exd5 5. cxd5 d6 6. e4 g6 7. Bd3 Bg7 8. h3
O-O 9. Nf3 Nbd7 10. O-O Nh5 11. Bg5 Bf6 12. Bh6 Bg7 13. Bg5 Bf6 14. Bh6 Bg7 15.
Qd2 a6 16. a4 Re8 17. Rfe1 Bxh6 18. Qxh6 Qf6 19. Re3 Rb8 20. Rae1 Ne5 21. Nxe5
Qxe5 22. Be2 Qf4 23. Qxf4 Nxf4 24. Bf1 f6 25. Rf3 g5 26. g3 Nh5 27. Rfe3 Kf7
28. Be2 Ng7 29. f4 h6 30. Bf1 Bd7 31. a5 b6 32. axb6 Rxb6 33. Ra1 Nf5 34. Rf3
Nd4 35. Rf2 Bc8 36. Kg2 gxf4 37. gxf4 Rg8+ 38. Kh2 Rxb2 39. Be2 Ke7 40. Ra2 Rb3
0-1

[Event "4NCL/Div2c/OXF1 vs. GUI3"]
[Site "Staverton Park ENG"]
[Date "2009.05.03"]
[Round "10.2"]
[White "Thompson, Ian D"]
[Black "White, Michael J R"]
[Result "1/2-1/2"]
[WhiteElo "2250"]
[BlackElo "2265"]
[PlyCount "97"]
[EventDate "2009.05.03"]
[SourceDate "2008.10.04"]

1. c4 g6 2. Nc3 Bg7 3. g3 Nf6 4. Bg2 O-O 5. d3 d6 6. e4 e5 7. Nge2 c6 8. O-O a6
9. h3 b5 10. Bg5 Nbd7 11. Qd2 Nb6 12. b3 Bb7 13. Rae1 Qe7 14. f4 h6 15. Bh4 b4
16. Nd1 a5 17. Ne3 exf4 18. gxf4 Nxe4 19. dxe4 Qxh4 20. Qxd6 Rfc8 21. Rd1 Bf8
22. Qd4 c5 23. Qd3 a4 24. f5 Rd8 25. Nd5 Nxd5 26. exd5 axb3 27. axb3 g5 28. Ng3
Qd4+ 29. Qxd4 cxd4 30. Ne2 Ra3 31. Nxd4 Re8 32. Rf2 Bc5 33. Kh2 Rxb3 34. Nxb3
Bxf2 35. c5 Bc8 36. Nd4 Re3 37. d6 Bg3+ 38. Kh1 b3 39. c6 Bxd6 40. Nxb3 Rxb3
41. Rxd6 Bxf5 42. h4 Kg7 43. hxg5 hxg5 44. Rd5 Kf6 45. Rc5 Bc8 46. Bd5 Rb4 47.
Kg2 g4 48. Kg3 Ke7 49. Bc4 {scoresheets illegible} 1/2-1/2

[Event "4NCL/Div2c/OXF1 vs. GUI3"]
[Site "Staverton Park ENG"]
[Date "2009.05.03"]
[Round "10.3"]
[White "Rose, Matthew"]
[Black "Cooksey, Paul S"]
[Result "1-0"]
[WhiteElo "2259"]
[BlackElo "2292"]
[PlyCount "125"]
[EventDate "2009.05.03"]
[SourceDate "2008.10.04"]

1. e4 c6 2. d4 d5 3. exd5 cxd5 4. c4 Nf6 5. Nc3 Nc6 6. Nf3 Bg4 7. cxd5 Nxd5 8.
Qb3 Bxf3 9. gxf3 e6 10. Qxb7 Nxd4 11. Bb5+ Nxb5 12. Qc6+ Ke7 13. Qxb5 Qd7 14.
Nxd5+ Qxd5 15. Bg5+ f6 16. Qxd5 exd5 17. Be3 Ke6 18. O-O-O Bb4 19. Rd3 Rhc8+
20. Kb1 Rc7 21. a3 Bc5 22. Rhd1 Bxe3 23. fxe3 Rd8 24. Rd4 Rd6 25. e4 Rcd7 26.
b4 g5 27. Kc2 f5 28. exf5+ Kxf5 29. h4 gxh4 30. Rxh4 Rc6+ 31. Kb3 Rg6 32. b5
Rg3 33. Rd3 Rg1 34. Kb4 Rb1+ 35. Ka5 Ke5 36. Rh5+ Ke6 37. f4 d4 38. Re5+ Kf6
39. Re4 h5 40. Rexd4 Rxd4 41. Rxd4 h4 42. Rd7 Kg6 43. f5+ Kh6 44. Ka6 Rb3 45.
a4 h3 46. Rd2 Ra3 47. a5 Kg5 48. Rf2 Kf6 49. Rf4 Rb3 50. Rh4 Kxf5 51. Kxa7 Kg5
52. Rxh3 Rxb5 53. a6 Kf6 54. Re3 Kf7 55. Ka8 Rb6 56. Ka7 Rb1 57. Re2 Rb3 58.
Ka8 Rb1 59. Re3 Rb2 60. Re1 Rb3 61. a7 Rb2 62. Rh1 Ke7 63. Rh8 1-0

[Event "4NCL/Div2c/OXF1 vs. GUI3"]
[Site "Staverton Park ENG"]
[Date "2009.05.03"]
[Round "10.6"]
[White "Stimpson, Philip M"]
[Black "Smallbone, Kieran"]
[Result "1-0"]
[WhiteElo "2076"]
[BlackElo "2235"]
[PlyCount "55"]
[EventDate "2009.05.03"]
[SourceDate "2008.10.04"]

1. e4 c6 2. d4 d5 3. e5 Bf5 4. Bd3 Bxd3 5. Qxd3 Qa5+ 6. Nc3 Qa6 7. Qh3 e6 8.
Nge2 Nd7 9. O-O Ne7 10. a4 Rc8 11. f4 g6 12. g4 h5 13. f5 gxf5 14. gxf5 Nxf5
15. Rxf5 exf5 16. Qxf5 c5 17. Nf4 Rg8+ 18. Kf2 cxd4 19. Ncxd5 Be7 20. Nxe7 Kxe7
21. Nd5+ Kf8 22. Nf6 Nxf6 23. Bh6+ Ke7 24. exf6+ Kd6 25. Bf4+ Kc6 26. Qe4+ Kc5
27. Qe5+ Kc4 28. Bd2 1-0

[Event "4NCL/Div2c/OXF1 vs. GUI3"]
[Site "Staverton Park ENG"]
[Date "2009.05.03"]
[Round "10.7"]
[White "Eckersley-Waites, Tom"]
[Black "Hill, David F"]
[Result "1-0"]
[WhiteElo "2224"]
[BlackElo "2063"]
[PlyCount "79"]
[EventDate "2009.05.03"]
[SourceDate "2008.10.04"]

1. d4 Nf6 2. c4 c5 3. Nf3 cxd4 4. Nxd4 e6 5. g3 a6 6. Bg2 Qc7 7. Nc3 Qxc4 8.
Bg5 Qc7 9. Rc1 Nc6 10. O-O Be7 11. e4 O-O 12. Re1 Qa5 13. Nxc6 bxc6 14. e5 Nd5
15. Qh5 Bxg5 16. Qxg5 Nxc3 17. Rxc3 d5 18. Rec1 Qxa2 19. Qe3 Rb8 20. Rxc6 Bd7
21. Rc7 Bb5 22. Qa3 Qxa3 23. bxa3 g6 24. R1c5 Bc4 25. h4 Rb1+ 26. Kh2 Rb5 27.
R5c6 Rb2 28. Kg1 Rfb8 29. h5 Rb1+ 30. Kh2 R1b2 31. h6 Re8 32. Kg1 Rb1+ 33. Kh2
Rbb8 34. f4 Bb5 35. Rd6 Red8 36. a4 Bxa4 37. Rxa6 Be8 38. Bf1 Ra8 39. Rd6 Rac8
40. Ba6 1-0

[Event "4NCL/Div2c/OXF1 vs. GUI3"]
[Site "Staverton Park ENG"]
[Date "2009.05.03"]
[Round "10.8"]
[White "Hunt, Daniel"]
[Black "Tidman, Sophie"]
[Result "0-1"]
[WhiteElo "1923"]
[BlackElo "2093"]
[PlyCount "36"]
[EventDate "2009.05.03"]
[SourceDate "2008.10.04"]

1. e4 e6 2. d4 d5 3. Nc3 Bb4 4. e5 c5 5. Bd2 Ne7 6. dxc5 Bxc5 7. Na4 Bb6 8. Qg4
Bd7 9. Nxb6 Qxb6 10. Bc3 O-O 11. Bd3 Bb5 12. O-O-O Nbc6 13. Bxb5 Qxb5 14. h4
Nf5 15. Ne2 Rfd8 16. Nd4 Qc4 17. Rhe1 Rac8 18. Re2 h5 0-1

[Event "4NCL/Div2c/PANDG vs. KHE"]
[Site "Staverton Park ENG"]
[Date "2009.05.03"]
[Round "10.1"]
[White "Paehtz, Elizabeth"]
[Black "Slavin, Alexei"]
[Result "1-0"]
[WhiteElo "2459"]
[BlackElo "2308"]
[PlyCount "67"]
[EventDate "2009.05.03"]
[SourceDate "2008.10.04"]

1. e4 c5 2. Nc3 d6 3. Nf3 Nf6 4. d4 cxd4 5. Nxd4 g6 6. Be2 Bg7 7. O-O O-O 8.
Bg5 Nc6 9. Nb3 Be6 10. f4 Na5 11. Kh1 a6 12. Qe1 Rc8 13. Bf3 Nc4 14. Nd1 Qb6
15. Bh4 Rfd8 16. c3 Na5 17. Nd4 Bc4 18. Rf2 e5 19. fxe5 dxe5 20. Nc2 Rd6 21. b4
Nc6 22. Nde3 Nd8 23. Bxf6 Bxf6 24. Bg4 Rcc6 25. Na3 Bd3 26. Nd5 Qa7 27. Rf3 Bb5
28. c4 Bxc4 29. Nxc4 Rxd5 30. exd5 Rxc4 31. Rxf6 Rxg4 32. Rd6 Qb8 33. Qxe5 Kf8
34. Re1 1-0

[Event "4NCL/Div2c/PANDG vs. KHE"]
[Site "Staverton Park ENG"]
[Date "2009.05.03"]
[Round "10.2"]
[White "Kwiatkowski, Feliks J"]
[Black "Civin, Tomas"]
[Result "1-0"]
[WhiteElo "2227"]
[BlackElo "2427"]
[PlyCount "67"]
[EventDate "2009.05.03"]
[SourceDate "2008.10.04"]

1. e4 g6 2. d4 Bg7 3. Nc3 d6 4. Be3 a6 5. Qd2 b5 6. f3 Nd7 7. O-O-O Bb7 8. h4
h5 9. Nh3 Rc8 10. Ng5 c5 11. dxc5 Nxc5 12. Bd4 Bxd4 13. Qxd4 Nf6 14. e5 Nfd7
15. e6 Ne5 16. f4 f6 17. fxe5 fxg5 18. exd6 O-O 19. d7 Rc6 20. hxg5 Rf5 21. Be2
Nxe6 22. Qe3 Nf4 23. Bf3 Re6 24. Qa7 Bxf3 25. gxf3 b4 26. Ne4 Rf8 27. Nc5 Re2
28. Nb7 Qc7 29. Qc5 Qxb7 30. Qc4+ Re6 31. d8=Q Qxf3 32. Qd2 Rf5 33. Rhf1 Ne2+
34. Kb1 1-0

[Event "4NCL/Div2c/PANDG vs. KHE"]
[Site "Staverton Park ENG"]
[Date "2009.05.03"]
[Round "10.3"]
[White "Polaczek, Richard"]
[Black "McMichael, Richard"]
[Result "1/2-1/2"]
[WhiteElo "2405"]
[BlackElo "2284"]
[PlyCount "97"]
[EventDate "2009.05.03"]
[SourceDate "2008.10.04"]

1. d4 e6 2. Nf3 f5 3. g3 Nf6 4. Bg2 d5 5. O-O Bd6 6. c4 c6 7. b3 Qe7 8. Nbd2
O-O 9. Ne5 Bd7 10. Ndf3 Be8 11. Nd3 Nbd7 12. Qc2 Rc8 13. Bf4 Bxf4 14. Nxf4 Nh5
15. Nd3 Bg6 16. Nfe5 f4 17. Nxg6 hxg6 18. g4 Nhf6 19. Nxf4 Nxg4 20. Nxg6 Qd6
21. f4 Ne3 22. Qc3 Nxf1 23. c5 Qc7 24. Ne7+ Kf7 25. Nxc8 Qxc8 26. Rxf1 Nf6 27.
Qd3 Rh8 28. b4 Qe8 29. Rf3 Rh6 30. Rg3 Kg8 31. Rg5 Nh7 32. Re5 Qf7 33. e3 Qf6
34. Qe2 Qh4 35. h3 Rg6 36. Rh5 Qe7 37. Qf2 Nf6 38. Qh4 Kf7 39. Rh8 Qc7 40. Kh1
b6 41. Bf1 bxc5 42. Bd3 c4 43. Bxg6+ Kxg6 44. Rf8 Qe7 45. Qg5+ Kh7 46. Qh4+ Kg6
47. Qg5+ Kh7 48. Qh4+ Kg6 49. Qg5+ 1/2-1/2